Benn's media.
| Previous Title: | Benn's media directory |
|---|---|
| Format: | Serial |
| Language: | English |
| Published: |
Tonbridge, Kent :
Benn Business Information Services,
1993-
London : WLR Media & Entertainment London : Cision UK Ltd. |
| Subjects: | |
| Online Availability: |
|
MARC
| Tag | First Indicator | Second Indicator | Subfields |
|---|---|---|---|
| LEADER | 00000cas a2200000 a 4500 | ||
| 001 | in00001387921 | ||
| 005 | 20200615143103.0 | ||
| 008 | 930423d19932018enkar r 0 0eng c | ||
| 010 | |a sn 93029219 | ||
| 035 | |a (OCoLC)ocm27976583 | ||
| 035 | |a (OCoLC)27976583 | ||
| 035 | |9 AHK9308AM | ||
| 040 | |a GSU |b eng |c GSU |d GUA |d WAU |d NYG |d IUL |d SYS |d IUL |d NLM |d EEM |d OCLCQ |d GBVCP |d DLC |d IUL |d UKMGB |d OCLCF |d HLS |d OCLCO |d OCLCQ |d OCLCO |d OCLCA |d IUL |d OCLCQ |d OCLCO | ||
| 015 | |a GB9820907 |2 bnb | ||
| 016 | 7 | |a 017089581 |2 DE-101 | |
| 016 | 7 | |a 1181397-0 |2 DE-600 | |
| 016 | 7 | |a 9501671 |2 DNLM | |
| 016 | 7 | |a SR0082185 |z SR0082186 |2 DNLM | |
| 016 | 7 | |a 006759144 |2 Uk | |
| 019 | |a 1064415989 | ||
| 022 | 0 | |a 0968-4557 |l 0968-4557 |2 2 | |
| 029 | 1 | |a AU@ |b 000010353426 | |
| 029 | 1 | |a AU@ |b 000041402589 | |
| 029 | 1 | |a AU@ |b 000044637975 | |
| 029 | 1 | |a AU@ |b 000057879662 | |
| 029 | 1 | |a NLM |b 9501671 | |
| 029 | 1 | |a NZ1 |b 2569072 | |
| 029 | 1 | |a NZ1 |b 2569073 | |
| 029 | 1 | |a NZ1 |b 2601759 | |
| 029 | 1 | |a NZ1 |b 4201094 | |
| 029 | 1 | |a NZ1 |b 68886 | |
| 029 | 1 | |a UKMGB |b 006759144 | |
| 035 | |a (OCoLC)27976583 |z (OCoLC)1064415989 | ||
| 042 | |a pcc | ||
| 050 | 0 | 0 | |a P88.8 |b .B4 |
| 049 | |a TXAM | ||
| 222 | 0 | |a Benn's media |b (United Kingdom) | |
| 245 | 0 | 0 | |a Benn's media. |
| 264 | 1 | |3 <1993-> : |a Tonbridge, Kent : |b Benn Business Information Services, |c 1993- | |
| 264 | 2 | 1 | |3 <2010-> : |a London : |b WLR Media & Entertainment |
| 264 | 3 | 1 | |3 <2015-> : |a London : |b Cision UK Ltd. |
| 300 | |a volumes : |b illustrations ; |c 30 cm | ||
| 310 | |a Annual | ||
| 336 | |a text |b txt |2 rdacontent | ||
| 337 | |a unmediated |b n |2 rdamedia | ||
| 338 | |a volume |b nc |2 rdacarrier | ||
| 362 | 1 | |a Began with 141st ed. (1993). | |
| 362 | 1 | |a Ceased with: 166th ed. (2018). | |
| 515 | |a Volumes for 1993-2003 issued in 3 vols.: Vol. 1, United Kingdom; v. 2, Europe; v. 3, World. volumes for 2004- issued in 4 vols.: Vol. 1, United Kingdom; v. 2, Europe; v. 3, North America; v. 4, World. volumes for 2010- issued in 3 vols.: Vol. 1, United Kingdom; v. 2, Europe; v. 3, The world. volumes for <2015-> issued in 2 vols.: Vol. 1, United Kingdom and Ireland; v. 2, World news media. | ||
| 588 | |a Latest issue consulted: 166th ed. (2018). | ||
| 650 | 0 | |a Mass media |v Directories. | |
| 650 | 0 | |a Press |v Directories. | |
| 650 | 2 | |a Mass Media. |0 (DNLM)D008402 | |
| 650 | 2 | |a Newspapers | |
| 650 | 2 | |a Periodicals | |
| 650 | 7 | |a Mass media. |2 fast |0 (OCoLC)fst01011219 | |
| 650 | 7 | |a Press. |2 fast |0 (OCoLC)fst01075837 | |
| 655 | 2 | |a Directory. |0 (DNLM)D016435 | |
| 655 | 7 | |a Directories. |2 fast |0 (OCoLC)fst01423796 | |
| 776 | 0 | 8 | |i Online version: |t Benn's media |x 0968-4557 |w (OCoLC)594651830 |
| 780 | 0 | 0 | |t Benn's media directory |w (OCoLC)26516672 |
| 850 | |a GU |a N |a WaU |a DLC | ||
| 891 | 2 | 0 | |9 853 |8 1 |a +ed. |b v. |u 3 |v r |i (year) |w a |
| 891 | 4 | 0 | |9 863 |8 1.1 |a 141-151 |b 1 |i 1993-2003 |
| 891 | 2 | 0 | |9 853 |8 2 |a +ed. |b v. |u 4 |v r |i (year) |w a |
| 891 | 4 | 0 | |9 863 |8 2.1 |a 152-157 |b 1 |i 2004-2009 |
| 891 | 2 | 0 | |9 853 |8 3 |a +ed. |b v. |u 3 |v r |i (year) |w a |
| 891 | 4 | 0 | |9 863 |8 3.1 |a 158 |b 1 |i 2010 |
| 948 | |a t2 | ||
| 994 | |a C0 |b TXA | ||
| 949 | |a updated |b h |c 2020/3/9 |e coplinger |f 5:07:54 pm | ||
| 999 | f | f | |s 8be7e3f8-5333-3bbc-9b1d-aeeebd2a74cd |i 16d397e3-1910-3df9-8aa6-3ecbf3d19685 |t 0 |
| 952 | f | f | |p normal |a Texas A&M University |b College Station |c Sterling C. Evans Library |d Evans: Library Stacks |t 0 |e P88.8 .B4 |h Library of Congress classification |i unmediated -- volume |k 153rd ed.:v.1 |l 2005 |m A14831418089 |
| 952 | f | f | |p normal |a Texas A&M University |b College Station |c Sterling C. Evans Library |d Evans: Library Stacks |t 0 |e P88.8 .B4 |h Library of Congress classification |i unmediated -- volume |k 146th ed.:v.2 |l 1998 |m A14822193062 |
| 952 | f | f | |p normal |a Texas A&M University |b College Station |c Sterling C. Evans Library |d Evans: Library Stacks |t 0 |e P88.8 .B4 |h Library of Congress classification |i unmediated -- volume |k 159th ed.:v.1 |l 2011 |m A14838662443 |
| 952 | f | f | |p normal |a Texas A&M University |b College Station |c Sterling C. Evans Library |d Evans: Library Stacks |t 0 |e P88.8 .B4 |h Library of Congress classification |i unmediated -- volume |k 160th ed.:v.3 |l 2012 |m A14841561224 |
| 952 | f | f | |p normal |a Texas A&M University |b College Station |c Sterling C. Evans Library |d Evans: Library Stacks |t 0 |e P88.8 .B4 |h Library of Congress classification |i unmediated -- volume |k 165th ed.:v.1 |l 2017 |m AM1480036294 |
| 952 | f | f | |p normal |a Texas A&M University |b College Station |c Sterling C. Evans Library |d Evans: Library Stacks |t 0 |e P88.8 .B4 |h Library of Congress classification |i unmediated -- volume |k 141st ed.:v.2 |l 1993 |m A14817370227 |
| 952 | f | f | |p normal |a Texas A&M University |b College Station |c Sterling C. Evans Library |d Evans: Library Stacks |t 0 |e P88.8 .B4 |h Library of Congress classification |i unmediated -- volume |k 160th ed.:v.2 |l 2012 |m A14841561216 |
| 952 | f | f | |p normal |a Texas A&M University |b College Station |c Sterling C. Evans Library |d Evans: Library Stacks |t 0 |e P88.8 .B4 |h Library of Congress classification |i unmediated -- volume |k 151st ed.:v.3 |l 2003 |m A14830664336 |
| 952 | f | f | |p normal |a Texas A&M University |b College Station |c Sterling C. Evans Library |d Evans: Library Stacks |t 0 |e P88.8 .B4 |h Library of Congress classification |i unmediated -- volume |k 152nd ed.:v.1 |l 2004 |m A14830684938 |
| 952 | f | f | |p normal |a Texas A&M University |b College Station |c Sterling C. Evans Library |d Evans: Library Stacks |t 0 |e P88.8 .B4 |h Library of Congress classification |i unmediated -- volume |k 149th ed.:v.1 |l 2001 |m A14827218427 |
| 952 | f | f | |p normal |a Texas A&M University |b College Station |c Sterling C. Evans Library |d Evans: Library Stacks |t 0 |e P88.8 .B4 |h Library of Congress classification |i unmediated -- volume |k 148th ed.:v.2 |l 2000 |m A14825729511 |
| 952 | f | f | |p normal |a Texas A&M University |b College Station |c Sterling C. Evans Library |d Evans: Library Stacks |t 0 |e P88.8 .B4 |h Library of Congress classification |i unmediated -- volume |k 149th ed.:v.2 |l 2001 |m A14827218469 |
| 952 | f | f | |p normal |a Texas A&M University |b College Station |c Sterling C. Evans Library |d Evans: Library Stacks |t 0 |e P88.8 .B4 |h Library of Congress classification |i unmediated -- volume |k 142nd ed.:v.3 |l 1994 |m A14818043174 |
| 952 | f | f | |p normal |a Texas A&M University |b College Station |c Sterling C. Evans Library |d Evans: Library Stacks |t 0 |e P88.8 .B4 |h Library of Congress classification |i unmediated -- volume |k 151st ed.:v.2 |l 2003 |m A14830664792 |
| 952 | f | f | |p normal |a Texas A&M University |b College Station |c Sterling C. Evans Library |d Evans: Library Stacks |t 0 |e P88.8 .B4 |h Library of Congress classification |i unmediated -- volume |k 157th ed.:v.2 |l 2009 |m A14837471019 |
| 952 | f | f | |p normal |a Texas A&M University |b College Station |c Sterling C. Evans Library |d Evans: Library Stacks |t 0 |e P88.8 .B4 |h Library of Congress classification |i unmediated -- volume |k 153rd ed.:v.2 |l 2005 |m A14831418128 |
| 952 | f | f | |p normal |a Texas A&M University |b College Station |c Sterling C. Evans Library |d Evans: Library Stacks |t 0 |e P88.8 .B4 |h Library of Congress classification |i unmediated -- volume |k 166th ed.:v.2 |l 2018 |m AM1480053413 |
| 952 | f | f | |p normal |a Texas A&M University |b College Station |c Sterling C. Evans Library |d Evans: Library Stacks |t 0 |e P88.8 .B4 |h Library of Congress classification |i unmediated -- volume |k 142nd ed.:v.2 |l 1994 |m A14818043124 |
| 952 | f | f | |p normal |a Texas A&M University |b College Station |c Sterling C. Evans Library |d Evans: Library Stacks |t 0 |e P88.8 .B4 |h Library of Congress classification |i unmediated -- volume |k 141st ed.:v.1 |l 1993 |m A14817371964 |
| 952 | f | f | |p normal |a Texas A&M University |b College Station |c Sterling C. Evans Library |d Evans: Library Stacks |t 0 |e P88.8 .B4 |h Library of Congress classification |i unmediated -- volume |k 149th ed.:v.3 |l 2001 |m A14827218508 |
| 952 | f | f | |p normal |a Texas A&M University |b College Station |c Sterling C. Evans Library |d Evans: Library Stacks |t 0 |e P88.8 .B4 |h Library of Congress classification |i unmediated -- volume |k 141st ed.:v.3 |l 1993 |m A14817370251 |
| 952 | f | f | |p normal |a Texas A&M University |b College Station |c Sterling C. Evans Library |d Evans: Library Stacks |t 0 |e P88.8 .B4 |h Library of Congress classification |i unmediated -- volume |k 158th ed.:v.3 |l 2010 |m A14835181317 |
| 952 | f | f | |p normal |a Texas A&M University |b College Station |c Sterling C. Evans Library |d Evans: Library Stacks |t 0 |e P88.8 .B4 |h Library of Congress classification |i unmediated -- volume |k 157th ed.:v.1 |l 2009 |m A14837470974 |
| 952 | f | f | |p normal |a Texas A&M University |b College Station |c Sterling C. Evans Library |d Evans: Library Stacks |t 0 |e P88.8 .B4 |h Library of Congress classification |i unmediated -- volume |k 159th ed.:v.3 |l 2011 |m A14839459623 |
| 952 | f | f | |p normal |a Texas A&M University |b College Station |c Sterling C. Evans Library |d Evans: Library Stacks |t 0 |e P88.8 .B4 |h Library of Congress classification |i unmediated -- volume |k 148th ed.:v.3 |l 2000 |m A14825729553 |
| 952 | f | f | |p normal |a Texas A&M University |b College Station |c Sterling C. Evans Library |d Evans: Library Stacks |t 0 |e P88.8 .B4 |h Library of Congress classification |i unmediated -- volume |k 155th ed.:v.2 |l 2007 |m A14833997110 |
| 952 | f | f | |p normal |a Texas A&M University |b College Station |c Sterling C. Evans Library |d Evans: Library Stacks |t 0 |e P88.8 .B4 |h Library of Congress classification |i unmediated -- volume |k 153rd ed.:v.3 |l 2005 |m A14831417538 |
| 952 | f | f | |p normal |a Texas A&M University |b College Station |c Sterling C. Evans Library |d Evans: Library Stacks |t 0 |e P88.8 .B4 |h Library of Congress classification |i unmediated -- volume |k 143rd ed.:v.2 |l 1995 |m A14819095548 |
| 952 | f | f | |p normal |a Texas A&M University |b College Station |c Sterling C. Evans Library |d Evans: Library Stacks |t 0 |e P88.8 .B4 |h Library of Congress classification |i unmediated -- volume |k 143rd ed.:v.3 |l 1995 |m A14819095598 |
| 952 | f | f | |p normal |a Texas A&M University |b College Station |c Sterling C. Evans Library |d Evans: Library Stacks |t 0 |e P88.8 .B4 |h Library of Congress classification |i unmediated -- volume |k 151st ed.:v.1 |l 2003 |m A14830664750 |
| 952 | f | f | |p normal |a Texas A&M University |b College Station |c Sterling C. Evans Library |d Evans: Library Stacks |t 0 |e P88.8 .B4 |h Library of Congress classification |i unmediated -- volume |k 163rd ed.:v.2 |l 2015 |m A14843020471 |
| 952 | f | f | |p normal |a Texas A&M University |b College Station |c Sterling C. Evans Library |d Evans: Library Stacks |t 0 |e P88.8 .B4 |h Library of Congress classification |i unmediated -- volume |k 152nd ed.:v.2 |l 2004 |m A14830684899 |
| 952 | f | f | |p normal |a Texas A&M University |b College Station |c Sterling C. Evans Library |d Evans: Library Stacks |t 0 |e P88.8 .B4 |h Library of Congress classification |i unmediated -- volume |k 158th ed.:v.2 |l 2010 |m A14835181309 |
| 952 | f | f | |p normal |a Texas A&M University |b College Station |c Sterling C. Evans Library |d Evans: Library Stacks |t 0 |e P88.8 .B4 |h Library of Congress classification |i unmediated -- volume |k 156th ed.:v.1 |l 2008 |m A14837000745 |
| 952 | f | f | |p normal |a Texas A&M University |b College Station |c Sterling C. Evans Library |d Evans: Library Stacks |t 0 |e P88.8 .B4 |h Library of Congress classification |i unmediated -- volume |k 146th ed.:v.1 |l 1998 |m A14822193012 |
| 952 | f | f | |p normal |a Texas A&M University |b College Station |c Sterling C. Evans Library |d Evans: Library Stacks |t 0 |e P88.8 .B4 |h Library of Congress classification |i unmediated -- volume |k 148th ed.:v.1 |l 2000 |m A14825729472 |
| 952 | f | f | |p normal |a Texas A&M University |b College Station |c Sterling C. Evans Library |d Evans: Library Stacks |t 0 |e P88.8 .B4 |h Library of Congress classification |i unmediated -- volume |k 164th ed.:v.2 |l 2016 |m A14842277536 |
| 952 | f | f | |p normal |a Texas A&M University |b College Station |c Sterling C. Evans Library |d Evans: Library Stacks |t 0 |e P88.8 .B4 |h Library of Congress classification |i unmediated -- volume |k 157th ed.:v.4 |l 2009 |m A14837471093 |
| 952 | f | f | |p normal |a Texas A&M University |b College Station |c Sterling C. Evans Library |d Evans: Library Stacks |t 0 |e P88.8 .B4 |h Library of Congress classification |i unmediated -- volume |k 147th ed.:v.3 |l 1999 |m A14824044772 |
| 952 | f | f | |p normal |a Texas A&M University |b College Station |c Sterling C. Evans Library |d Evans: Library Stacks |t 0 |e P88.8 .B4 |h Library of Congress classification |i unmediated -- volume |k 158th ed.:v.1 |l 2010 |m A14837494863 |
| 952 | f | f | |p normal |a Texas A&M University |b College Station |c Sterling C. Evans Library |d Evans: Library Stacks |t 0 |e P88.8 .B4 |h Library of Congress classification |i unmediated -- volume |k 162nd ed.:v.1 |l 2014 |m A14843020455 |
| 952 | f | f | |p normal |a Texas A&M University |b College Station |c Sterling C. Evans Library |d Evans: Library Stacks |t 0 |e P88.8 .B4 |h Library of Congress classification |i unmediated -- volume |k 165th ed.:v.2 |l 2017 |m AM1480036338 |
| 952 | f | f | |p normal |a Texas A&M University |b College Station |c Sterling C. Evans Library |d Evans: Library Stacks |t 0 |e P88.8 .B4 |h Library of Congress classification |i unmediated -- volume |k 157th ed.:v.3 |l 2009 |m A14837471051 |
| 952 | f | f | |p normal |a Texas A&M University |b College Station |c Sterling C. Evans Library |d Evans: Library Stacks |t 0 |e P88.8 .B4 |h Library of Congress classification |i unmediated -- volume |k 147th ed.:v.1 |l 1999 |m A14824044722 |
| 952 | f | f | |p normal |a Texas A&M University |b College Station |c Sterling C. Evans Library |d Evans: Library Stacks |t 0 |e P88.8 .B4 |h Library of Congress classification |i unmediated -- volume |k 152nd ed.:v.3 |l 2004 |m A14830684857 |
| 952 | f | f | |p normal |a Texas A&M University |b College Station |c Sterling C. Evans Library |d Evans: Library Stacks |t 0 |e P88.8 .B4 |h Library of Congress classification |i unmediated -- volume |k 150th ed.:v.2 |l 2002 |m A14828618230 |
| 952 | f | f | |p normal |a Texas A&M University |b College Station |c Sterling C. Evans Library |d Evans: Library Stacks |t 0 |e P88.8 .B4 |h Library of Congress classification |i unmediated -- volume |k 162nd ed.:v.3 |l 2014 |m A14843020463 |
| 952 | f | f | |p normal |a Texas A&M University |b College Station |c Sterling C. Evans Library |d Evans: Library Stacks |t 0 |e P88.8 .B4 |h Library of Congress classification |i unmediated -- volume |k 142nd ed.:v.1 |l 1994 |m A14818044081 |
| 952 | f | f | |p normal |a Texas A&M University |b College Station |c Sterling C. Evans Library |d Evans: Library Stacks |t 0 |e P88.8 .B4 |h Library of Congress classification |i unmediated -- volume |k 163rd ed.:v.1 |l 2015 |m AM1480010518 |
| 952 | f | f | |p normal |a Texas A&M University |b College Station |c Sterling C. Evans Library |d Evans: Library Stacks |t 0 |e P88.8 .B4 |h Library of Congress classification |i unmediated -- volume |k 164th ed.:v.1 |l 2016 |m AM1480030883 |
| 952 | f | f | |p normal |a Texas A&M University |b College Station |c Sterling C. Evans Library |d Evans: Library Stacks |t 0 |e P88.8 .B4 |h Library of Congress classification |i unmediated -- volume |k 150th ed.:v.3 |l 2002 |m A14828618272 |
| 952 | f | f | |p normal |a Texas A&M University |b College Station |c Sterling C. Evans Library |d Evans: Library Stacks |t 0 |e P88.8 .B4 |h Library of Congress classification |i unmediated -- volume |k 147th ed.:v.2 |l 1999 |m A14828832208 |
| 952 | f | f | |p normal |a Texas A&M University |b College Station |c Sterling C. Evans Library |d Evans: Library Stacks |t 0 |e P88.8 .B4 |h Library of Congress classification |i unmediated -- volume |k 152nd ed.:v.4 |l 2004 |m A14830684815 |
| 952 | f | f | |p normal |a Texas A&M University |b College Station |c Sterling C. Evans Library |d Evans: Library Stacks |t 0 |e P88.8 .B4 |h Library of Congress classification |i unmediated -- volume |k 150th ed.:v.1 |l 2002 |m A14828618191 |
| 952 | f | f | |p normal |a Texas A&M University |b College Station |c Sterling C. Evans Library |d Evans: Library Stacks |t 0 |e P88.8 .B4 |h Library of Congress classification |i unmediated -- volume |k 143rd ed.:v.1 |l 1995 |m A14819095491 |
| 952 | f | f | |p normal |a Texas A&M University |b College Station |c Sterling C. Evans Library |d Evans: Library Stacks |t 0 |e P88.8 .B4 |h Library of Congress classification |i unmediated -- volume |k 159th ed.:v.2 |l 2011 |m A14839459615 |
| 952 | f | f | |p normal |a Texas A&M University |b College Station |c Sterling C. Evans Library |d Evans: Library Stacks |t 0 |e P88.8 .B4 |h Library of Congress classification |i unmediated -- volume |k 146th ed.:v.3 |l 1998 |m A14822192105 |
| 952 | f | f | |p normal |a Texas A&M University |b College Station |c Sterling C. Evans Library |d Evans: Library Stacks |t 0 |e P88.8 .B4 |h Library of Congress classification |i unmediated -- volume |k 153rd ed.:v.4 |l 2005 |m A14831417570 |
| 952 | f | f | |p normal |a Texas A&M University |b College Station |c Sterling C. Evans Library |d Evans: Library Stacks |t 0 |e P88.8 .B4 |h Library of Congress classification |i unmediated -- volume |k 162nd ed.:v.2 |l 2014 |m AM1480010501 |
| 952 | f | f | |p normal |a Texas A&M University |b College Station |c Sterling C. Evans Library |d Evans: Library Stacks |t 0 |e P88.8 .B4 |h Library of Congress classification |i unmediated -- volume |k 166th ed.:v.1 |l 2018 |m A14850446619 |
| 998 | f | f | |a P88.8 .B4 |s 162nd ed.-166th ed. (2014-2018) |t 0 |l Evans: Library Stacks |